000 00708cam a2200265 4500
999 _c9665
_d9665
001 9665
003 BD-JhCC
005 20180321191936.0
008 180321s1968 pk c b 000 0ceng
035 _a(BD-JhCC)9665
040 _aDLC
_cDLC
_dDLC
_dBD-JhCC
041 _aeng
050 0 0 _aDS381
_b.S2
082 0 0 _a954.9
_bSAF 1968
100 0 _aSafdar Mahmood,
_d1941-
245 1 0 _aFounders of Pakistan /
_cby Safdar Mahmood [and] Javaid Zafar.
250 _a[1st ed.]
260 _aLahore :
_bPublishers United,
_c1968.
300 _ax, 249 p.
_bports.
_c21 cm.
350 _a12.00
651 0 _aPakistan
_xBiography.
700 1 _aZafar, Javaid,
942 _2ddc
_cBK